| 000 | 00636nam a22001937a 4500 | ||
|---|---|---|---|
| 005 | 20251108164650.0 | ||
| 008 | 250721s1990 xx 000 0 ara d | ||
| 082 | 1 | 4 | _a291.82/عبد |
| 100 | 1 | _aطويله، عبد الوهاب عبد السلام | |
| 245 | 1 | 0 | _aالكتب المقدسة في ميزان التوثيق / |
| 264 | 1 |
_aالقاهره : _bدار السلام للطباعه، _c1990. |
|
| 300 | _a166ص. | ||
| 490 | 0 | _aبحوث إسلاميه هامه ؛24 | |
| 650 | 1 | 7 | _aالديانات المقارنة |
| 650 | 1 | 7 | _aالقرآن الكريم |
| 650 | 1 | 7 | _aالإنجيل |
| 942 |
_2ddc _cBK |
||
| 999 |
_c11307 _d11307 |
||